02969nam a22002777a 45000010005000000030006000050050017000110080041000280200018000690400029000870500008001160820010001241000021001342450431001552600053005863000049006394900042006885050008007305201105007385200609018435210029024525210020024816500118025016500044026197000028026638918FISKH20251031141345.0251031b cb ||||| |||| 00| 0 eng d a9789995088897 aFISKHbkhrcFISKHdFISKH aPZ7 a398.2 aSotheary, Kimsun aជ្រូកដ៏អស្ចារ្យរបស់ខ្ញុំ : bMy wonderful pigs /cរៀបរៀងដោយ អ្នកស្រី គឹមស៊ុន សុធារី ,​ ត្រួតពិនិត្យអក្ខរាវិរុទ្ធ អ្នកនាង វ៉ាត ចរិយា , កញ្ញា វុិច វឌ្ឍនា និង កញ្ញា ហម លឹមឆេង  aភ្នំពេញ :bReading Books , c2008. a20 pages : bcolor illustrations ;c25 cm .  aពិភពរឿងនិទាន  aK  aប្តីប្រពន្ធកសិករមួយគូរបានទៅផ្សារទិញជ្រូកមកចិញ្ចឹម​ ។ ប្តីជាមនុស្សខ្ជិលទោះប្រពន្ធអោយធ្វើអ្វីក៏មិនធ្វើដែរ ។ ថ្ងៃមួយគាត់ភ្ញាក់ពីដេកមិនឃើញជ្រូកគាត់ក៏ភ័យហើយអង្វរប្រពន្ធអោយជួយរកជ្រូកហើយសន្យាថានឹងជួយធ្វើកិច្ចការផ្សេងៗនៅក្នុងផ្ទះ ។ ប្រពន្ធក៏ទៅបើកទ្វារបន្ទប់ក្រោមដី ហើយជ្រូកទាំងអស់ក៏បានបោលមករកកសិករជាប្តីដោយក្តីត្រេកអរ ។​ នៅថ្ងៃនោះដែរបុរសជាប្តីក៏ធ្វើតាមសន្យា​ ហើយលែងខ្ជិលច្រអូសទៀត ៕​ aA farmer’s wife once went to the market to buy some pigs to raise. Her husband was a very lazy man — no matter what she asked him to do, he never did anything. One day, when he woke up from his nap, he couldn’t find the pigs anywhere. Frightened, he begged his wife to help him look for them and promised that he would help with all the housework from then on. The wife then went to open the door to the basement, and all the pigs came rushing out toward the farmer, squealing happily. From that day on, the husband kept his promise — he started helping with the chores and was no longer lazy.8 a510 bLexile estimate 8 aK bRaz-Plus  aជ្រូកដ៏អស្ចារ្យរបស់ខ្ញុំvរឿងនិទានកុមារ aMy wonderful pigs vChildren's Stories  aRa B, ThaeIllustrator